00629nam a22002057a 450000500170000001000130001702000220003003500130005203700160006504000120008108200170009310000270011024500660013726000450020327000420024830000200029050000510031065000360036165000260039720170124110110.0 aA-541099 c00.00a8170244463 aA-541099 bCen Lib/Ret aDPLbEN a910.072bNAR aNarasimha, Murty K. L. aResearch in geography :cby K. L. Narasimha Murtyba survey / aNew DelhibAshish Publishing Housec1992 bNew Delhia8/81, Punjabi Baghe110026 a94p. c21cm(Hb) aIncludes bibliographical references and index  a Geography -- Research -- India aGeography -- Research